ARRUPE JESUIT UNIVERSITY

CORONAVIRUS -STOP THE SPREAD - CLEAN,DISINFECT,COVER

The Macmillan book of earliest Christian prayers / (Record no. 120983)

MARC details
000 -LEADER
fixed length control field 00865cam a2200265 a 4500
001 - CONTROL NUMBER
control field 4314377
003 - CONTROL NUMBER IDENTIFIER
control field ARRUPE
005 - DATE AND TIME OF LATEST TRANSACTION
control field 20140925141947.0
008 - FIXED-LENGTH DATA ELEMENTS--GENERAL INFORMATION
fixed length control field 871005s1988 nyu 001 0 eng
010 ## - LIBRARY OF CONGRESS CONTROL NUMBER
LC control number 87028233
020 ## - INTERNATIONAL STANDARD BOOK NUMBER
International Standard Book Number 0025255703
040 ## - CATALOGING SOURCE
Original cataloging agency DLC
Transcribing agency DLC
Modifying agency DLC
050 00 - LIBRARY OF CONGRESS CALL NUMBER
Classification number BV236
Item number .M33 1988
082 00 - DEWEY DECIMAL CLASSIFICATION NUMBER
Classification number 242/.8011
Edition number 19
300 ## - PHYSICAL DESCRIPTION
Dimensions 25 cm.
245 04 - TITLE STATEMENT
Title The Macmillan book of earliest Christian prayers /
Statement of responsibility, etc edited by F. Forrester Church and Terrence J. Mulry.
260 ## - PUBLICATION, DISTRIBUTION, ETC. (IMPRINT)
Place of publication, distribution, etc New York :
Name of publisher, distributor, etc Macmillan ;
Place of publication, distribution, etc London :
Name of publisher, distributor, etc Collier Macmillan,
Date of publication, distribution, etc c1988.
300 ## - PHYSICAL DESCRIPTION
Extent xi, 242 p. ;
500 ## - GENERAL NOTE
General note Includes indexes.
650 #0 - SUBJECT ADDED ENTRY--TOPICAL TERM
Topical term or geographic name as entry element Prayers, Early Christian.
9 (RLIN) 11748
700 1# - ADDED ENTRY--PERSONAL NAME
Personal name Church, F. Forrester.
9 (RLIN) 11749
700 1# - ADDED ENTRY--PERSONAL NAME
Personal name Mulry, Terrence J.
9 (RLIN) 11750
740 0# - ADDED ENTRY--UNCONTROLLED RELATED/ANALYTICAL TITLE
Uncontrolled related/analytical title Earliest Christian prayers.
906 ## - LOCAL DATA ELEMENT F, LDF (RLIN)
a 7
b cbc
c orignew
d 1
e ocip
f 19
g y-gencatlg
942 ## - ADDED ENTRY ELEMENTS (KOHA)
Source of classification or shelving scheme Library of Congress Classification
Koha item type Monograph ( Printed materials)
Holdings
Withdrawn status Lost status Source of classification or shelving scheme Damaged status Not for loan Collection code Home library Current library Shelving location Date acquired Total Checkouts Full call number Barcode Date last seen Price effective from Koha item type
    Library of Congress Classification     Main Collection ARRUPE LIBRARY ARRUPE LIBRARY Main Collection 25/09/2014   BV236 .M33 1988 46500000237 24/01/2017 25/09/2014 Monograph ( Printed materials)

 

Arrupe Library. PO Box MP320 Mt Pleasant, Harare, Zimbabwe
263 242 745411|librarian@aju.ac.zw